00749nam a2200229Ia 4500003000400000005001700004008004100021020001400062040000700076041000800083082001600091100003000107245006500137250000600202260004400208300001700252365001300269906006600282942001200348999001900360952014000379OSt20230317112255.0210423s2008 xx 000 0 und d a195696522 cAL aeng a541.39 JORR aJORDAN (Robert B).976079 aReaction mechanisms of inorganic and organometallic systems. a3 aNew YorkbOxford University Pressc2008 aviii,521bPB b895cINR ainorganic ; mechanisms ; organometallic ; Reaction ; systems. 2ddccBK c154679d154679 001040708ACaSACPGbSACPGd2011-08-09eHigginbothams Pvt Ltdg895.00l0o541.39 JORRpPG001147r2022-08-24 00:00:00w2021-04-26yREF